A energia passo a passo (Registo nº 4375)

Detalhes MARC
000 -Etiqueta do registo
Cabeçalho 00670cam a2200253 4500
005 - Identificador da versão
Campo de controlo 20240813122059.0
010 ## - Número internacional normalizado dos livros (ISBN)
Número (ISBN) 9728779372
Modalidade de aquisição e/ou preço ? 9.95
021 ## - Número do Depósito Legal
Código do país PT
100 ## - Dados gerais de processamento
Dados gerais de processamento 20051230d2005 a y1pory5003 ba
102 ## - Pais de publicação ou produção
País de publicação Portugal
101 0# - Língua de publicação
Língua do texto, banda sonora, etc. Português
215 ## - Descrição física 
Indicação específica da natureza do documento e extensão da espécie 79, [2] p.
Outras indicações físicas il
200 1# - Titulo e menção de responsabilidade
Título próprio A energia passo a passo
Primeira menção de responsabilidade François Michel
Outras menções de responsabilidade il. de Robin
-- trad. Freitas e Silva
225 1# - Colecção 
Título próprio da colecção Passo a passo
210 ## - Publicação, Distribuição, etc. 
Lugar da edição, distribuição, etc. Lisboa
Nome do editor, distribuidor, etc. Miosótis
Data da publicação, distribuição, etc. 2005
675 ## - Classificação Decimal Universal (CDU)
Notação 53
Edição BN
Língua da edição por
702 #1 - Nome de autor-pessoa física (responsabilidade secundária)
Número de registo de entrada de autoridade 0000953
Palavra de ordem Silva
Outra parte do nome não tomada para palavra de ordem Freitas e
Código de função Tradutor
Número de registo de entrada de autoridade 0001171
Palavra de ordem Robin
Código de função Ilustrador / Técnico de desenho computorizado
700 #1 - Nome de autor-pessoa física (responsabilidade principal)
Número de registo de entrada de autoridade 0001045
Palavra de ordem Michel
Outra parte do nome não tomada para palavra de ordem François
942 ## - Elementos de entrada adicionados (Koha)
Tipo de item no Koha Livro
Exemplares
Situação do levantamento Origin of item (home branch) (coded) Biblioteca de empréstimo Código de barras Cota Circulation type (not for loan) Tipo de documento Nota do exemplar Damaged status
  Biblioteca Escolar das Vendas Biblioteca Escolar das Vendas BEV1448 6 MIC   Livro Sem mensagem